000
00270nam a2200097Ia 4500
001
640812
005
20250826153454.0
008
250824s9999 xx 000 0 und d
245
0
_a
ŞİRİN ÖDÜLLER MESLEKLER VE NELER NELER
_c
BİRSEN EKİM ÖZEN
260
_b
GENÇ TİMAŞ
999
_c
640812
_d
640812